000
00318 a2200145 4500
001
121854
020
_a
9788540312456
040
_c
Escola Canadense de Niteroi
100
_a
Carvalho, Paula
245
1
0
_a
História contextualizada 6º ano
300
_b
il.
362
0
_a
2018
650
4
_a
História
942
_c
BK
999
_c
121854
_d
121854